000 00920nam a2200205 i 4500
001 161538
003 ES-MaACL
005 20230906212316.0
008 981218s1893 sp l |||| | spa d
080 _a352(599)"1893"(094.5)
110 1 _aEspaña.
_bMinisterio de Ultramar.
_93937
245 1 3 _aEl régimen municipal en las Islas Filipinas
_b: Real Decreto de 19 de mayo de 1893 con notas y concordancias /
_cpor Pedro Alejandro Paterno.
260 _aMadrid :
_b[s.n.],
_c1893 (
_fEstab. Tip. de los Sucesores de Cuesta)
300 _a280 p. ;
_c18 cm.
530 _aDisponible en formato digital.
650 4 _aAdministración municipal-
_zFilipinas.
_9155476
700 1 _aPaterno, Pedro Alejandro.
_9130894
852 _aES-MaACL
_jF-12788
_z- Enc. hol.
_z. - Dedicatoria autógrafa del autor
856 _uhttps://bvpb.mcu.es/es/consulta/registro.do?id=576504
_zBiblioteca Virtual del Patrimonio Bibliográfico
999 _c161538
_d161538